東方シリーズのキャラクター - Statistics

General Stats
  • This quiz has been taken 65 times
  • The average score is 51 of 124
Answer Stats
初登場 キャラクター名 備考 二つ名 % Correct
紅魔郷 博麗霊夢 プレイアブルキャラクター 博麗神社の巫女さん
93%
紅魔郷 チルノ 2面ボス 湖上の氷精
93%
紅魔郷 十六夜咲夜 5面ボス/6面中ボス 完全で瀟洒な従者
93%
紅魔郷 フランドール・スカーレット Extraボス 悪魔の妹
93%
紅魔郷 霧雨魔理沙 プレイアブルキャラクター 東洋の西洋魔術師
90%
紅魔郷 レミリア・スカーレット 6面ボス 永遠に紅い幼き月
90%
紅魔郷 ルーミア 1面ボス 宵闇の妖怪
76%
紅魔郷 パチュリー・ノーレッジ 4面ボス 知識と日陰の少女
76%
妖々夢 アリス・マーガトロイド 3面ボス 七色の人形遣い
76%
妖々夢 魂魄妖夢 5面ボス/6面中ボス 幽人の庭師
76%
紅魔郷 大妖精 2面中ボス
74%
紅魔郷 紅美鈴 3面ボス 華人小娘
71%
永夜抄 因幡てゐ 5面中ボス 地上の兎
71%
永夜抄 藤原妹紅 Extraボス 蓬莱の人の形
71%
紅魔郷 小悪魔 4面中ボス
69%
妖々夢 西行寺幽々子 6面ボス 幽冥楼閣の亡霊少女
69%
妖々夢 八雲紫 Phantasmボス 神隠しの主犯
69%
永夜抄 八意永琳 6面Aボス 月の頭脳
69%
永夜抄 鈴仙・優曇華院・イナバ 5面ボス 狂気の月の兎
67%
妖々夢 八雲藍 Extraボス 策士の九尾
64%
永夜抄 蓬莱山輝夜 6面Bボス 永遠と須臾の罪人
64%
花映塚 射命丸文 プレイアブルキャラクター 伝統の幻想ブン屋
64%
風神録 東風谷早苗 5面ボス 祀られる風の人間
64%
地霊殿 古明地こいし Extraボス 閉じた恋の瞳
64%
妖々夢 2面ボス/Extra中ボス 凶兆の黒猫
62%
永夜抄 リグル・ナイトバグ 1面ボス 闇に蠢く光の蟲
62%
永夜抄 上白沢慧音 3面ボス/Extra中ボス 知識と歴史の半獣
62%
地霊殿 古明地さとり 4面ボス 恐霊も恐れ怯む少女
62%
妖々夢 メルラン・プリズムリバー 4面ボス 騒霊トランペッター
60%
妖々夢 リリーホワイト 4面中ボス 春を運ぶ妖精
57%
妖々夢 ルナサ・プリズムリバー 4面ボス 騒霊ヴァイオリニスト
57%
妖々夢 リリカ・プリズムリバー 4面ボス 騒霊キーボーディスト
57%
花映塚 風見幽香 プレイアブルキャラクター 四季のフラワーマスター
57%
花映塚 四季映姫・ヤマザナドゥ プレイアブルキャラクター 楽園の最高裁判長
57%
風神録 河城にとり 3面ボス 超妖怪弾頭
57%
妖々夢 レティ・ホワイトロック 1面ボス 冬の妖怪
55%
萃夢想 伊吹萃香 ボス/プレイアブルキャラクター 萃まる夢、幻、そして百鬼夜行
55%
永夜抄 ミスティア・ローレライ 2面ボス 歌で人を狂わす程度の能力
55%
風神録 洩矢諏訪子 Extraボス 土着神の頂点
55%
風神録 秋穣子 1面ボス 豊かさと稔りの象徴
52%
風神録 鍵山雛 2面ボス 秘神流し雛
52%
風神録 八坂神奈子 6面ボス 山坂と湖の権化
52%
風神録 秋静葉 1面中ボス 寂しさと終焉の象徴
50%
地霊殿 星熊勇儀 3面ボス 語られる怪力乱神
50%
星蓮船 ナズーリン 1面ボス/5面中ボス ダウザーの小さな大将
50%
花映塚 小野塚小町 プレイアブルキャラクター 三途の水先案内人
48%
風神録 犬走椛 4面中ボス 下っ端哨戒天狗
48%
地霊殿 キスメ 1面中ボス 恐るべき井戸の怪
48%
花映塚 メディスン・メランコリー プレイアブルキャラクター 小さなスイートポイズン
45%
地霊殿 お燐 5面ボス 地獄の輪禍
45%
地霊殿 霊烏路空 Finalボス 熱かい悩む神の火
45%
星蓮船 多々良小傘 2面ボス/EXTRA中ボス 愉快な忘れ傘
45%
緋想天 比那名居天子 プレイアブルキャラクター 非想非非想天の娘
43%
星蓮船 ムラサ船長 4面ボス 水難事故の念縛霊
43%
星蓮船 聖白蓮 6面ボス 封印された大魔法使い
43%
地霊殿 黒谷ヤマメ 1面ボス 暗い洞窟の明るい網
40%
地霊殿 水橋パルスィ 2面ボス 地殻の下の嫉妬心
40%
星蓮船 寅丸星 5面ボス 毘沙門天の弟子
40%
ダブル 姫海棠はたて プレイアブルキャラクター 今どきの念写記者
40%
神霊廟 幽谷響子 2面ボス 読経するヤマビコ
40%
星蓮船 雲居一輪 3面ボス 守り守られし大輪
38%
星蓮船 封獣ぬえ 4面道中/6面道中/EXTRAボス 未確認幻想飛行少女
38%
妖精大 サニーミルク 各面ボス 輝ける日の光
38%
妖精大 ルナチャイルド 各面ボス 静かなる月の光
38%
妖精大 スターサファイア 各面ボス 降り注ぐ星の光
38%
神霊廟 物部布都 5面ボス 古代日本の尸解仙
38%
神霊廟 豊聡耳神子 6面ボス 聖徳道士
38%
神霊廟 封獣ぬえ EXTRA中ボス 古の妖怪その1
38%
輝針城 わかさぎ姫 1面ボス 淡水に棲む人魚
38%
輝針城 赤蛮奇 2面ボス ろくろ首の怪奇
38%
緋想天 永江衣玖 プレイアブルキャラクター 美しき緋の衣
36%
星蓮船 雲山 3面ボス 守り守られし大輪
36%
輝針城 九十九弁々 4面ボス 古びた琵琶の付喪神
36%
輝針城 九十九八橋 4面ボス 古びた琴の付喪神
36%
輝針城 鬼人正邪 5面ボス 逆襲のあまのじゃく
36%
深秘録 茨木華扇 プレイアブルキャラクター 脅威!願いを訊く仙人
36%
輝針城 少名針妙丸 6面ボス 小人の末裔
33%
神霊廟 蘇我屠自古 5面中ボス 神の末裔の亡霊
31%
神霊廟 二ッ岩マミゾウ EXTRAボス 化け狸 十変化
31%
心綺楼 秦こころ プレイアブルキャラクター 表情豊かなポーカーフェイス
31%
紺珠伝 クラウンピース 5面ボス 地獄の妖精
31%
紺珠伝 純狐 6面ボス (無名の存在)
31%
神霊廟 宮古芳香 3面ボス/4面ボスオプション 忠実な死体
29%
輝針城 今泉影狼 3面ボス 竹林のルーガルー
29%
紺珠伝 ヘカーティア・ラピスラズリ EXTRAボス 地獄の女神
29%
輝針城 堀川雷鼓 EXTRAボス 夢幻のパーカッショニスト
26%
深秘録 宇佐見菫子 プレイアブルキャラクター 深秘を曝け!秘封倶楽部初代会長
26%
紺珠伝 清蘭 1面ボス 浅葱色のイーグルラヴィ
26%
紺珠伝 鈴瑚 2面ボス 橘色のイーグルラヴィ
26%
憑依華 依神女苑 プレイアブルキャラクター 最凶最悪の双子の妹
26%
憑依華 依神紫苑 プレイアブルキャラクター 最凶最悪の双子の姉
26%
天空璋 エタニティラルバ 1面ボス 神に近づく蝶の妖精
26%
神霊廟 霍青娥 4面ボス 壁抜けの邪仙
24%
紺珠伝 ドレミー・スイート 3面ボス 夢の支配者
24%
天空璋 矢田寺成美 4面ボス 森で垂迹した魔法地蔵
24%
紺珠伝 稀神サグメ 4面ボス 舌禍をもたらす女神
21%
天空璋 高麗野あうん 3面ボス 神仏に心酔する守護神獣
21%
天空璋 摩多羅隠岐奈 6面ボス/EXTRAボス 究極の絶対秘神
19%
鬼形獣 牛崎潤美 2面ボス 古代魚の子連れ番人
19%
天空璋 丁礼田舞 5面ボス 危険すぎるバックダンサーズ
17%
天空璋 爾子田里乃 5面ボス 危険すぎるバックダンサーズ
17%
虹龍洞 豪徳寺ミケ 1面ボス 商売繁盛の縁起物
17%
天空璋 坂田ネムノ 2面ボス 浮世の関を超える山姥
14%
鬼形獣 杖刀偶磨弓 5面ボス 埴輪兵長
14%
鬼形獣 吉弔八千慧 4面ボス 鬼傑組 組長
12%
鬼形獣 埴安神袿姫 6面ボス 孤立無援が誂えた造形神
12%
虹龍洞 駒草山如 3面ボス 高地に棲む山女郎
12%
虹龍洞 玉造魅須丸 4面ボス 本物の勾玉制作職人
12%
虹龍洞 天弓千亦 6面ボス 無主物の神
12%
獣王園 日白残無 プレイアブルキャラクター 寂滅為楽の王
12%
鬼形獣 戎瓔花 1面ボス 河原のアイドル水子
10%
鬼形獣 庭渡久侘歌 3面ボス 地獄関所の番頭神
10%
鬼形獣 驪駒早鬼 EXTRAボス 勁牙組 組長
10%
虹龍洞 山城たかね 2面ボス 山奥のビジネス妖怪
10%
虹龍洞 飯綱丸龍 5面ボス 鴉天狗の大将
10%
獣王園 孫美天 プレイアブルキャラクター 小さな聖域の大聖
10%
獣王園 三頭慧ノ子 プレイアブルキャラクター 森閑のケルベロス
10%
錦上京 封獣チミ 2面ボス 正体不明の順わぬ妖獣
10%
虹龍洞 菅牧典 EXTRA中ボス 耳元で囁く邪悪な白狐
7%
虹龍洞 姫虫百々世 EXTRAボス 黒きドラゴンイーター
7%
獣王園 天火人ちやり プレイアブルキャラクター 穢れた有機物の怪物
7%
錦上京 塵塚ウバメ 1面ボス 聖域に住む山姥の長
7%
錦上京 道神馴子 3面ボス 逼塞した聖地の道祖神
7%
獣王園 豫母都日挟美 プレイアブルキャラクター 地獄の美しきストーカー
2%
No matching quizzes found
Score Distribution
Percent of People with Each Score
Percentile by Number Answered
Your Score History
You have not taken this quiz